书目信息 |
| 题名: |
现代筑路机械电液控制技术
|
|
| 作者: | 焦生杰 主编 | |
| 分册: | ||
| 出版信息: | 北京 人民交通出版社 1998.12 |
|
| 页数: | 131页 | |
| 开本: | 16开 | |
| 丛书名: | ||
| 单 册: | ||
| 中图分类: | U415.52 | |
| 科图分类: | ||
| 主题词: | 道路工程 | |
| 电子资源: | ||
| ISBN: | 7-114-03214-5 | |
| 000 | 00585nam0 2200193 45 | |
| 001 | 0009071918 | |
| 005 | 20000907195517.2 | |
| 010 | @a7-114-03214-5@d16.00元 | |
| 100 | @a20000907d1998 km y0chiy0120 ea | |
| 101 | 0 | @achi |
| 105 | @a z 000yy | |
| 200 | 1 | @a现代筑路机械电液控制技术@AXian Dai Zhu Lu Ji Xie Dian Ye Kong Zhi Ji Shu@f焦生杰主编@FJiao Sheng Jie Zhu Bian |
| 210 | @a北京@c人民交通出版社@d1998.12 | |
| 215 | @a131页@d16开 | |
| 606 | 0 | @a道路工程 |
| 690 | @aU415.52@v3 | |
| 701 | 0 | @a焦生杰@4主编 |
| 801 | @aCN@bPftUser@c20000907 | |
| 905 | @b127513-522@dU415.52@eJ357@f10 | |
| 现代筑路机械电液控制技术/焦生杰主编.-北京:人民交通出版社,1998.12 |
| 131页;16开 |
| ISBN 7-114-03214-5:16.00元 |
| ● |
| 相关链接 |
|
|
|
正题名:现代筑路机械电液控制技术
索取号:U415.52/J357
 
预约/预借
| 序号 | 登录号 | 条形码 | 馆藏地/架位号 | 状态 | 备注 |
| 1 | 127513 | 201275137 | 市政与环境工程学院资料室/ [索取号:U415.52/J357] | 在馆 | |
| 2 | 127514 | 201275146 | 自科库501/501自科库 52排5列4层/ [索取号:U415.52/J357] | 在馆 | |
| 3 | 127515 | 201275155 | 自科库501/501自科库 52排5列4层/ [索取号:U415.52/J357] | 在馆 | |
| 4 | 127516 | 201275164 | 市政与环境工程学院资料室/ [索取号:U415.52/J357] | 在馆 | |
| 5 | 127517 | 201275173 | 自科库501/501自科库 52排5列4层/ [索取号:U415.52/J357] | 在馆 | |
| 6 | 127518 | 201275182 | 自科库501/501自科库 52排5列4层/ [索取号:U415.52/J357] | 在馆 | |
| 7 | 127519 | 201275191 | 自科库501/501自科库 52排5列4层/ [索取号:U415.52/J357] | 在馆 | |
| 8 | 127520 | 201275208 | 市政与环境工程学院资料室/ [索取号:U415.52/J357] | 在馆 | |
| 9 | 127521 | 201275217 | 市政与环境工程学院资料室/ [索取号:U415.52/J357] | 在馆 | |
| 10 | 127522 | 201275226 | 市政与环境工程学院资料室/ [索取号:U415.52/J357] | 在馆 |